Psicología de la educación

Պահպանված է:
Մատենագիտական մանրամասներ
Հիմնական հեղինակ: Kelly, W. A (Հեղինակ)
Ձևաչափ: Գիրք
Լեզու:իսպաներեն
Հրապարակվել է: Madrid Morata 1969
Շարք:Filosofía, Psicología, Pedagogía
Խորագրեր:
Ցուցիչներ: Ավելացրեք ցուցիչ
Չկան պիտակներ, Եղեք առաջինը, ով նշում է այս գրառումը!

MARC

LEADER 00000nam a2200000 a 4500
001 UCZ6498
003 CL-VaPUC
008 951211e19690000SP |||||||||||||||||spa|d
082 0 4 |a 370.15  |b KEL  |2 21 
100 0 |a Kelly, W. A  |e author  |9 350838 
245 1 0 |a Psicología de la educación 
300 |a 2 v 
942 |c BK 
945 |d 19951211 00:00:00  |a cmena 
260 |a Madrid  |b Morata  |c 1969 
500 |a v.1: Psicopedagogía fundamental y didáctica 
500 |a v.2: Aplicaciones especiales y enseñanza programada 
650 0 |a Psicología educacional   |9 307830 
650 0 |a Métodos de enseñanza  |9 270413 
650 0 |a Alumnos   |9 335074 
650 0 |a Emociones   |9 265224 
650 0 |a Desarrollo individual   |9 307875 
650 0 |a Procesos de aprendizaje  |9 309161 
650 0 |a Inteligencia  |9 267038 
650 7 |a TESTS DE INTELIGENCIA  |2 CL-VaPUC  |9 309468 
650 0 |a Disciplina escolar  |9 271077 
650 7 |a ENSEÑANZA PROGRAMADA  |2 CL-VaPUC  |9 263217 
583 |a last modification  |c 19951211 00:00:00  |k Rodrigo Vera 
490 0 |a Filosofía, Psicología, Pedagogía 
999 |c 242697  |d 242695 
952 |0 0  |1 0  |4 0  |6 370_150000000000000_KEL_1969  |7 0  |8 P  |9 255816  |a BIBEDU  |b BIBEDU  |c BIBEDU_PB  |d 2019-11-19  |h v.1  |i 1603051  |o 370.15 KEL 1969  |p 1603051  |r 2024-01-25  |w 2019-11-19  |y BK  |k EDU 
952 |0 0  |1 0  |4 0  |6 370_150000000000000_KEL_1969  |7 0  |8 P  |9 255817  |a BIBEDU  |b BIBEDU  |c BIBEDU_PB  |d 2019-11-19  |h v.2  |i 1603000  |o 370.15 KEL 1969  |p 1603000  |r 2024-01-25  |w 2019-11-19  |y BK  |k EDU